MARC details
| 000 -LEADER |
| fixed length control field |
00863nam a2200205 a 4500 |
| 008 - FIXED-LENGTH DATA ELEMENTS--GENERAL INFORMATION |
| fixed length control field |
150223s2013 ||||||||||||||||| || u |
| 020 ## - INTERNATIONAL STANDARD BOOK NUMBER |
| International Standard Book Number |
9781446249611 |
| 050 ## - LIBRARY OF CONGRESS CALL NUMBER |
| Classification number |
RT 81.5 Cou |
| 100 ## - MAIN ENTRY--PERSONAL NAME |
| Personal name |
Coughlan, Michael |
| 245 10 - TITLE STATEMENT |
| Title |
Doing a literature reviw in nursing, health and social care |
| Statement of responsibility, etc. |
By Michael Coughlan, Patricia Cronin and Frances Ryan |
| 260 ## - PUBLICATION, DISTRIBUTION, ETC. |
| Place of publication, distribution, etc. |
Los Angeles |
| Name of publisher, distributor, etc. |
SAGE Publications |
| Date of publication, distribution, etc. |
2013 |
| 300 ## - PHYSICAL DESCRIPTION |
| Extent |
153p.: |
| 350 ## - |
| -- |
40.00 |
| 650 ## - SUBJECT ADDED ENTRY--TOPICAL TERM |
| Topical term or geographic name entry element |
HEALTH SERVICES RESEARCH--METHODS |
| 650 ## - SUBJECT ADDED ENTRY--TOPICAL TERM |
| Topical term or geographic name entry element |
NURSING--RESEARCH--METHODOLOGY |
| 650 ## - SUBJECT ADDED ENTRY--TOPICAL TERM |
| Topical term or geographic name entry element |
SOCIAL SERVICES--RESEARCH--METHODOLOGY |
| 650 #3 - SUBJECT ADDED ENTRY--TOPICAL TERM |
| Topical term or geographic name entry element |
NURSING RESEARCH--METHODS |
| 650 #0 - SUBJECT ADDED ENTRY--TOPICAL TERM |
| Topical term or geographic name entry element |
MEDICAL CARE--RESEARCH--METHODOLOGY |
| 995 ## - |
| -- |
MEDICAL LIBRARY OPEN ACCESS |
| -- |
902918 |
| -- |
CBU-SCHOOL OF MEDICINE LIBRARY (Ndola) |
| -- |
40.00 |
| -- |
RT 81.5 Cou |
| -- |
1 |
| -- |
AVAILABLE |
| -- |
Mar 16, 2015 |
| -- |
902918 |
| -- |
Medical Library Open Access Collection |
| 999 ## - |
| -- |
31285 |
| -- |
31285 |